| 000 | 00624nam a22001937a 4500 | ||
|---|---|---|---|
| 003 | OSt | ||
| 005 | 20160524143752.0 | ||
| 008 | 130806t xxu||||| |||| 00| 0 eng d | ||
| 020 | _a9780323239066 | ||
| 050 |
_aRB 145 _b.K37 2016 |
||
| 100 | _aKeohane, Elaine M. | ||
| 245 |
_aHematology : _bclinical principles and applications / _cElaine M. Keohane, Larry J. Smith, Jeanine M. Walenga. |
||
| 250 | _a5th edition. | ||
| 260 |
_aMissouri : _bElsevier, _c2016. |
||
| 300 |
_axiv, 898 pages : _bcolor illustrations ; _c28 cm. |
||
| 500 | _aIncludes appendix, glossary and index. | ||
| 942 |
_2lcc _cBK |
||
| 999 |
_c294949 _d294949 |
||